Statistics for Dog Breeds Per Country

Click here to take the quiz!

General Stats

  • This quiz has been taken 15 times
  • The average score is 7 of 15

Answer Stats

BreedCountry% Correct
Ryukyu InuJapan
92%
Bone MouthChina
83%
LowchenFrance
75%
KombaiIndia
67%
Bergamasco ShepherdItaly
67%
Kerry BeagleIreland
58%
MarkiesjeNetherlands
42%
Tenterfield TerrierAustralia
42%
JejuSouth Korea/North Korea
42%
ChamuchoMexico
33%
HuntawayNew Zealand
33%
BroholmerDenmark
33%
AkbashTurkey
33%
Bruno Jura HoundSwitzerland
25%
KomondorHungary
17%

Score Distribution

Percentile by Number Answered

Percent of People with Each Score

Your Score History

You have not taken this quiz